| 000 | 00878cab a2200265 4500 | ||
|---|---|---|---|
| 001 | ABS57657 | ||
| 008 | 090401t1997 xxu||||| |||| 00| 0 eng d | ||
| 035 | _a(Sirsi) u80814 | ||
| 041 | _aeng | ||
| 100 | _aBrady, P. | ||
| 245 | _aLeft without a voice at the local inquiry | ||
| 260 | _c1997 | ||
| 350 | _a0 | ||
| 490 |
_aPlanning (for the Natural and Built Environment) _v(1233) 29 August 1997, 9(1) |
||
| 520 | _aDiscusses the recent case "Warren & others v Uttlesford DC" (WB3230-47) which showed that some objectors are often left without a say at local plan inquiries. | ||
| 650 | _aHOUSING DEVELOPMENT | ||
| 650 | _aLOCAL DEVELOPMENT PLANS | ||
| 650 | _aOBJECTIONS | ||
| 650 | _aPUBLIC INQUIRIES | ||
| 650 | _aSTANSTED AIRPORT | ||
| 650 | _aWARREN AND OTHERS V UTTLESFORD DC | ||
| 690 | _aPLANNING LAW AND PRACTICE | ||
| 942 | _n0 | ||
| 948 | _c12/09/1997 | ||
| 999 |
_c50894 _d50894 |
||